000 00533nam a22001817a 4500
005 20241011160224.0
010 _aENG-142121
020 _c350.00
_a9789357943178
035 _aEN-125653
037 _bDBAD
082 _a158.1
100 _aMurphy, Joseph
_972742
245 _aThe Power of Your Subconscious Mind/
_cBy Joseph Murphy
260 _aNew Delhi
_bV&S Publishers
_c2024
270 _aF-2/16, Ansari Road, Daryaganj
_bNew Delhi
_e110002
300 _a196p.
_c21cm(pb)
942 _2ddc
_cEN
_h158.1
_mMUR
999 _c206349
_d206349